[Event "Mind Sports Games - Blitz Team"]
[Site "Pechino CINA"]
[Date "2008.10.13"]
[Round "4"]
[White "Zhang Zhong"]
[Black "Miezis, N."]
[Result "1-0"]
[WhiteElo "2649"]
[BlackElo "2552"]
[PlyCount "83"]
[EventDate "2008.10.13"]
[Source "www.chesslib.no"]
[SourceDate "2004.05.04"]

1. d4 Nf6 2. Nf3 e6 3. c4 c5 4. Nc3 d5 5. cxd5 exd5 6. g3 Nc6 7. Bg2 Bg4 8. Ne5 Be6 9. Qa4 cxd4 10. Nxc6 bxc6 11. Qxd4 Qb6 12. Qa4 Bc5 13. O-O O-O 14. Qc2 Ng4 15. e3 Be7 16. b3 Bf6 17. Bb2 Qd8 18. Na4 Rc8 19. Nc5 Qe7 20. Rac1 Ne5 21. h3 Rfe8 22. Rfd1 Nd7 23. Bxf6 Qxf6 24. Rd4 Qg6 25. Qxg6 hxg6 26. Ra4 Nxc5 27. Rxc5 Re7 28. Ra6 Rec7 29. b4 Kf8 30. Bf1 Ke7 31. a3 g5 32. Kg2 f6 33. Bd3 Bd7 34. Raa5 Rb8 35. Rc3 Kd6 36. Rac5 Rb6 37. Be2 Rc8 38. Bf3 Rcb8 39. e4 Be6 40. exd5 cxd5 41. Ra5 R8b7 42. Rcc5 1-0

[Event "USA 75/374"]
[Site "?"]
[Date "1999.??.??"]
[Round "?"]
[White "Goldin, Alexander"]
[Black "Christiansen, Larry Mark"]
[Result "0-1"]
[WhiteElo "2585"]
[BlackElo "2581"]
[PlyCount "76"]
[EventDate "1999.??.??"]
[Source "ChessBase"]
[SourceDate "1999.02.01"]

1. d4 d5 2. c4 e6 3. Nf3 c5 4. cxd5 exd5 5. g3 Nc6 6. Bg2 c4 7. O-O Bb4 8. Nc3 Nge7 9. e4 O-O 10. exd5 Nxd5 11. Qc2 Bxc3 12. bxc3 Re8 13. a4 Bg4 14. Ng5 Nf6 15. f3 Bh5 16. Ba3 Re3 17. Rfe1 Bg6 18. Qb2 Nd5 19. Rxe3 Nxe3 20. Ne4 Nxg2 21. Kxg2 Na5 22. Qb5 a6 23. Qb4 Bxe4 24. fxe4 Nb3 25. Rf1 b5 26. axb5 axb5 27. Rf5 Nd2 28. Rxb5 Nxe4 29. Bb2 h6 30. Re5 Rb8 31. Rb5 Ra8 32. Re5 Nd2 33. Bc1 Ra2 34. Bb2 Qa8+ 35. d5 Nb3 36. Qxc4 Rxb2+ 37. Kh3 Nd2 38. Qc6 Rb8 0-1

[Event "Philadelphia"]
[Site "?"]
[Date "1994.??.??"]
[Round "?"]
[White "Browne, W."]
[Black "Lputian, S."]
[Result "0-1"]
[WhiteElo "2510"]
[BlackElo "2590"]
[PlyCount "42"]
[EventDate "1994.??.??"]
[Source "ChessBase"]
[SourceDate "1994.06.01"]

1. d4 e6 2. c4 d5 3. Nc3 c5 4. cxd5 exd5 5. Nf3 Nc6 6. g3 c4 7. Bg2 Bb4 8. O-O Nge7 9. Bd2 O-O 10. b3 Qa5 11. Qe1 Qa6 12. Na4 Ba3 13. e4 Bg4 14. Bc3 Rfe8 15. exd5 Nxd5 16. Ne5 Nxc3 17. Qxc3 Nxe5 18. dxe5 Rac8 19. Bd5 b5 20. Rfb1 Red8 21. Be4 cxb3 0-1

[Event "Asia-chT"]
[Site "Singapore"]
[Date "1995.??.??"]
[Round "7"]
[White "Xu Jun"]
[Black "Antonio, Rogelio Jr"]
[Result "1-0"]
[WhiteElo "2535"]
[BlackElo "2525"]
[PlyCount "121"]
[EventDate "1995.12.??"]
[Source "ChessBase"]

1. c4 e6 2. Nc3 c5 3. Nf3 Nc6 4. g3 d5 5. cxd5 exd5 6. d4 c4 7. Bg2 Bb4 8. O-O Nge7 9. e4 dxe4 10. Nxe4 O-O 11. Qe2 Bg4 12. Rd1 Rc8 13. Qxc4 Nf5 14. Bg5 Be7 15. Bxe7 Qxe7 16. d5 Ne5 17. Qb3 Rfd8 18. d6 Nxd6 19. Rxd6 Rxd6 20. Nxe5 Rb6 21. Qd5 Be6 22. Qd2 Rd8 23. Qe2 Bf5 24. Nc3 Re6 25. Re1 Qc5 26. Qe3 Qa5 27. Qf4 Bg6 28. Re3 Qb6 29. Nxg6 Rxe3 30. fxe3 hxg6 31. Bd5 Rd7 32. Qf2 a6 33. e4 Qd6 34. Kg2 b5 35. a3 b4 36. axb4 Qxb4 37. h4 a5 38. Nd1 a4 39. Ne3 Qd4 40. Kh3 Ra7 41. Qe2 Kh7 42. h5 gxh5 43. Nf5 Qg1 44. Qxh5+ Kg8 45. Qf3 Qc1 46. e5 g6 47. Ne3 Qxb2 48. Qf6 Kh7 49. Qh4+ Kg8 50. Qf6 Kh7 51. Ng4 Qc1 52. e6 fxe6 53. Be4 Kg8 54. Qxe6+ Kh8 55. Qe8+ Kg7 56. Qxg6+ Kf8 57. Qd6+ Kg8 58. Nh6+ Kg7 59. Qd4+ Kf8 60. Qf6+ Ke8 61. Bc6+ 1-0

[Event "Ch Spain team"]
[Site "Alicante ESP"]
[Date "1989.??.??"]
[Round "?"]
[White "Morovic Fernandez, Ivan E"]
[Black "Rodriguez, Orestes"]
[Result "0-1"]
[WhiteElo "2545"]
[BlackElo "2500"]
[PlyCount "80"]
[EventDate "1989.??.??"]
[Source "www.chesslib.no"]
[SourceDate "2004.05.04"]

1. c4 e6 2. Nc3 d5 3. cxd5 exd5 4. d4 c5 5. Nf3 Nc6 6. g3 c4 7. Bg2 Bb4 8. O-O Nge7 9. a3 Ba5 10. b4 cxb3 11. Qxb3 O-O 12. e3 Bf5 13. Nd2 Kh8 14. Bb2 b5 15. Rfd1 Be6 16. a4 b4 17. Ne2 Bc7 18. Nc1 Bd6 19. Qa2 Na5 20. Ncb3 Nc4 21. Nc5 Rc8 22. Rac1 Bxc5 23. dxc5 Qe8 24. Bf1 Nxd2 25. Rxd2 f6 26. Bb5 Nc6 27. Qb1 Qf7 28. e4 a5 29. Qd3 Rfd8 30. Qe3 Ne5 31. Bxe5 fxe5 32. exd5 Rxd5 33. c6 b3 34. Rb2 Rdd8 35. Qxe5 Bd5 36. c7 Qf3 37. cxd8=Q+ Rxd8 38. Kf1 Qh1+ 39. Ke2 Qxc1 40. Bd3 Bg2 0-1

[Event "Open, Willemstad, Curacao AHO"]
[Site "?"]
[Date "2001.??.??"]
[Round "4"]
[White "Manor, I."]
[Black "Zapata, A."]
[Result "1-0"]
[WhiteElo "2500"]
[BlackElo "2530"]
[PlyCount "79"]
[EventDate "2001.??.??"]
[Source "www.chesslib.no"]
[SourceDate "2004.05.04"]

1. c4 Nf6 2. Nc3 e6 3. g3 c5 4. Bg2 Nc6 5. Nf3 d5 6. cxd5 exd5 7. d4 Be6 8. O-O Be7 9. Bg5 Ne4 10. Bxe7 Qxe7 11. Rc1 Nxc3 12. Rxc3 c4 13. b3 cxb3 14. Qxb3 O-O 15. Rb1 Rac8 16. Rbc1 h6 17. e3 Na5 18. Qa4 Nc4 19. Qxa7 Ra8 20. Qc5 Qf6 21. a3 Ra6 22. Qc7 Nd6 23. Ne5 Nb5 24. Qxb7 Nxc3 25. Qxa6 Rc8 26. Nc6 Rxc6 27. Qxc6 Ne2+ 28. Kf1 Nxc1 29. Qxc1 Qd8 30. Qc5 Qa8 31. h4 Qb7 32. Qb4 Qc6 33. Qb2 g5 34. hxg5 hxg5 35. Kg1 Qa4 36. Qc1 g4 37. Qb2 Qd1+ 38. Kh2 Kh7 39. Qa2 Kg7 40. a4 1-0

[Event "Osijek"]
[Site "?"]
[Date "1978.04.18"]
[Round "10"]
[White "Gligoric Svetozar"]
[Black "Calvo Minguez Ricardo"]
[Result "1-0"]
[WhiteElo "2565"]
[BlackElo "2455"]
[PlyCount "89"]
[EventDate "1978.??.??"]
[Source "www.chesslib.no"]
[SourceDate "2004.05.04"]

1. d4 d5 2. c4 e6 3. Nf3 c5 4. cxd5 exd5 5. Nc3 Nc6 6. g3 c4 7. Bg2 Bb4 8. O-O Nge7 9. e4 O-O 10. Nxd5 Nxd5 11. exd5 Qxd5 12. a3 Ba5 13. Ne5 Qb5 14. a4 Qa6 15. Be4 Bc7 16. Nxc6 bxc6 17. b4 cxb3 18. Qxb3 Bh3 19. Rd1 Rfe8 20. Qf3 Rxe4 21. Qxe4 Be6 22. Bf4 Bd5 23. Qe3 Ba5 24. Rdb1 Qc8 25. f3 f6 26. Rb2 h5 27. Rab1 Qf5 28. Rb7 Bb6 29. Rc1 Rf8 30. a5 Bxa5 31. Rxa7 Bf7 32. Qe4 Qxe4 33. fxe4 Bb6 34. Ra4 Rd8 35. Be3 Bg6 36. Rb1 Bc7 37. Rb7 Bd6 38. Raa7 Bf8 39. e5 Re8 40. Bf4 Be4 41. e6 Rxe6 42. Rb8 g5 43. Bd2 c5 44. Rd7 Bc6 45. Rdd8 1-0

[Event "URS Ch sf"]
[Site "Frunze KGZ"]
[Date "1973.??.??"]
[Round "?"]
[White "Razuvaev, Yuri S"]
[Black "Vaganian, Rafael A"]
[Result "1/2-1/2"]
[WhiteElo "2510"]
[BlackElo "2500"]
[PlyCount "85"]
[EventDate "1973.??.??"]
[Source "www.chesslib.no"]
[SourceDate "2004.05.04"]

1. Nf3 d5 2. d4 c5 3. c4 e6 4. cxd5 exd5 5. Nc3 Nc6 6. g3 Nf6 7. Bg2 Bg4 8. Be3 cxd4 9. Nxd4 Be7 10. O-O O-O 11. Qa4 Qd7 12. Rad1 Bh3 13. Bg5 Bxg2 14. Kxg2 h6 15. Nxc6 Qxc6 16. Qxc6 bxc6 17. Be3 Nd7 18. Bf4 f5 19. f3 g5 20. Bc1 Bf6 21. e4 fxe4 22. Nxe4 Bg7 23. g4 Rae8 24. Nd6 Re2+ 25. Rf2 Rxf2+ 26. Kxf2 Ne5 27. Nf5 h5 28. h3 hxg4 29. hxg4 Bf6 30. b3 Kf7 31. Rh1 Nd3+ 32. Ke2 Rh8 33. Rxh8 Nxc1+ 34. Kd1 Bxh8 35. Kxc1 Ke6 36. Kd2 Bb2 37. b4 Ba3 38. Nd4+ Kd7 39. Kc3 c5 40. bxc5 Bxc5 41. Ne2 Bd6 42. Kd3 Ke6 43. Ng1 1/2-1/2

[Event "Mephisto-GM-Turnier"]
[Site "Altensteig"]
[Date "1993.??.??"]
[Round "3"]
[White "Bischoff, Klaus"]
[Black "Bezold, Michael"]
[Result "1/2-1/2"]
[WhiteElo "2515"]
[BlackElo "2490"]
[PlyCount "83"]
[EventDate "1993.07.??"]
[Source "ChessBase"]

1. c4 e6 2. Nc3 d5 3. d4 c5 4. cxd5 exd5 5. Nf3 Nc6 6. g3 Nf6 7. Bg2 Bg4 8. Be3 cxd4 9. Nxd4 Bb4 10. Qb3 Qe7 11. O-O O-O 12. h3 Be6 13. a3 Bd6 14. Rfd1 Rfd8 15. Rac1 Rac8 16. Qc2 Bb8 17. Nxc6 bxc6 18. Bd4 h5 19. h4 Bg4 20. b4 Be5 21. Qd2 Bxd4 22. Qxd4 c5 23. bxc5 Rxc5 24. Na2 Rxc1 25. Rxc1 Qxa3 26. Rc2 Qb3 27. Rb2 Qc4 28. Qxc4 dxc4 29. Nc3 Rd7 30. Kf1 Kf8 31. Ke1 Ke7 32. Rb4 Be6 33. Rb5 Kd8 34. Bc6 Rd6 35. Bf3 g6 36. Rb8+ Ke7 37. Ra8 Ra6 38. Nb5 Ra1+ 39. Kd2 a5 40. Ra7+ Kf8 41. Nc3 Kg7 42. Ke3 1/2-1/2

[Event "Corr"]
[Site "?"]
[Date "2000.09.25"]
[Round "?"]
[White "Brooks Ian S"]
[Black "Parkkinen Jyrki"]
[Result "1-0"]
[WhiteElo "2497"]
[BlackElo "2506"]
[PlyCount "103"]
[EventDate "2000.??.??"]
[Source "www.chesslib.no"]
[SourceDate "2004.05.04"]

1. c4 e6 2. Nc3 d5 3. d4 c5 4. cxd5 exd5 5. Nf3 Nc6 6. g3 c4 7. Bg2 Bb4 8. O-O Nge7 9. e4 O-O 10. exd5 Nxd5 11. Bg5 Nxc3 12. bxc3 Be7 13. Bxe7 Nxe7 14. Ne5 Nd5 15. Rc1 Be6 16. Qe2 Rc8 17. f4 Rc7 18. f5 Bc8 19. Qf3 Nf6 20. Qf4 b5 21. Rb1 a6 22. a4 bxa4 23. Rb4 Nd5 24. Bxd5 Qxd5 25. f6 Bh3 26. Rf2 gxf6 27. Ng4 Bxg4 28. Qxc7 Re8 29. Rb8 Qe6 30. h3 Qe1+ 31. Kg2 Bd7 32. Rxe8+ Qxe8 33. Qd6 Bc6+ 34. Kf1 a3 35. d5 Bb7 36. Qxf6 Qd7 37. Qg5+ Kf8 38. Qh5 Bxd5 39. Rd2 a2 40. Rxa2 Be6 41. Qc5+ Ke8 42. Rb2 Qd3+ 43. Kf2 f6 44. Qc6+ Ke7 45. g4 Bd7 46. Qxa6 Kf7 47. Qb7 Qd6 48. Re2 Kg6 49. Qe4+ f5 50. Qxc4 fxg4 51. hxg4 Qh2+ 52. Ke3 1-0

[Event "Lyon"]
[Site "?"]
[Date "1988.??.??"]
[Round "?"]
[White "Ftacnik, L."]
[Black "Miralles, G."]
[Result "1-0"]
[WhiteElo "2570"]
[BlackElo "2430"]
[PlyCount "63"]
[EventDate "1988.??.??"]
[Source "ChessBase"]
[SourceDate "1988.01.01"]

1. Nf3 d5 2. d4 c5 3. c4 e6 4. cxd5 exd5 5. g3 c4 6. Nc3 Nc6 7. Bg2 Bb4 8. O-O Nge7 9. e4 dxe4 10. Nxe4 O-O 11. a3 Ba5 12. Qa4 Bg4 13. Be3 Bb6 14. Rad1 Nf5 15. Bg5 Qc8 16. d5 Ncd4 17. Nxd4 Bxd1 18. Qxd1 Nxd4 19. Nf6+ gxf6 20. Bxf6 Qf5 21. Bxd4 Rfd8 22. Bc3 Bc5 23. Qe2 b5 24. d6 Rab8 25. Bh3 Qg5 26. d7 Bf8 27. Re1 h6 28. Qe4 Bg7 29. Qe8+ Kh7 30. Qxf7 Rf8 31. Bf5+ Kh8 32. Re8 1-0

[Event "Tel Aviv"]
[Site "Tel Aviv"]
[Date "1991.??.??"]
[Round "8"]
[White "Psakhis, Lev"]
[Black "Manor, Ilan"]
[Result "0-1"]
[WhiteElo "2555"]
[BlackElo "2445"]
[PlyCount "86"]
[EventDate "1991.07.??"]
[Source "ChessBase"]

1. c4 e6 2. d4 d5 3. Nc3 c5 4. cxd5 exd5 5. Nf3 Nc6 6. g3 c4 7. Bg2 Bb4 8. O-O Nge7 9. a3 Ba5 10. e4 O-O 11. Qc2 dxe4 12. Nxe4 Bg4 13. Qxc4 Bxf3 14. Bxf3 Nxd4 15. Bg2 Rc8 16. Qa4 b5 17. Qd1 Bb6 18. b4 Nd5 19. Bb2 Rc4 20. Qd3 Nf6 21. Rac1 Re8 22. Kh1 Rxc1 23. Rxc1 Ng4 24. Rf1 Ne5 25. Qd1 Nc4 26. Bc1 Qd7 27. Nc3 a6 28. Nd5 Ba7 29. Be3 Re5 30. Nf4 Rxe3 31. fxe3 Nxe3 32. Qd3 Nxf1 33. Qxf1 Nc2 34. Qf3 g6 35. Nd5 Qe6 36. Qc3 Bd4 37. Qc8+ Qxc8 38. Ne7+ Kf8 39. Nxc8 Nxa3 40. Bb7 Ke8 41. Nd6+ Ke7 42. Ne4 f5 43. Ng5 Bc3 0-1

[Event "Carlos Torre mem 14th"]
[Site "Merida"]
[Date "2001.12.16"]
[Round "3"]
[White "Dominguez, Lenier"]
[Black "Gomez, Felix"]
[Result "0-1"]
[WhiteElo "2596"]
[BlackElo "2398"]
[PlyCount "86"]
[EventDate "2001.12.01"]
[Source "ChessBase"]
[SourceDate "2002.01.21"]

1. Nf3 d5 2. d4 c5 3. c4 e6 4. Nc3 Nc6 5. cxd5 exd5 6. g3 c4 7. Bg2 Bb4 8. O-O Nge7 9. Ne5 O-O 10. Qa4 Ba5 11. e4 Nxe5 12. dxe5 Bd7 13. Qd1 Bxc3 14. bxc3 dxe4 15. Ba3 Re8 16. Bxe4 Qc8 17. f4 Bc6 18. Qf3 Bxe4 19. Qxe4 Qc6 20. Qxc6 Nxc6 21. Rad1 Rad8 22. Kf2 f6 23. Rxd8 Rxd8 24. e6 Rd2+ 25. Ke3 Rd3+ 26. Ke2 f5 27. Rf3 Rxf3 28. Kxf3 g6 29. Bc5 b6 30. Bd4 Ne7 31. g4 Nd5 32. g5 Kf8 33. Bf6 Ke8 34. h3 b5 35. h4 a6 36. Ke2 Nc7 37. e7 Nd5 38. a3 Nxe7 39. Ke3 Nd5+ 40. Kd4 Nxf6 41. gxf6 Kf7 42. Kc5 h6 43. Kb6 g5 0-1

[Event "New York Open"]
[Site "New York, NY USA"]
[Date "1984.??.??"]
[Round "3"]
[White "Spraggett, Kevin B"]
[Black "Shamkovich, Leonid A"]
[Result "1-0"]
[WhiteElo "2540"]
[BlackElo "2450"]
[PlyCount "103"]
[EventDate "1984.04.??"]
[Source "www.chesslib.no"]
[SourceDate "2004.05.04"]

1. c4 e6 2. Nc3 c5 3. Nf3 Nc6 4. g3 d5 5. cxd5 exd5 6. d4 c4 7. Bg2 Bb4 8. O-O Nge7 9. a3 Ba5 10. e4 dxe4 11. Nxe4 Bf5 12. Nc5 Rb8 13. Nh4 Bd3 14. Nxd3 cxd3 15. Bf4 Bc7 16. d5 Nxd5 17. Re1+ Kf8 18. Bxd5 Bxf4 19. Qxd3 Be5 20. Rad1 Bf6 21. Nf5 Qc7 22. Qe3 Ne5 23. Qxa7 g6 24. Rc1 Qd8 25. Qc5+ Kg8 26. Rxe5 Bxe5 27. Nh6+ Kg7 28. Nxf7 b6 29. Qc4 Qf6 30. Nxh8 Kxh8 31. b4 Bb2 32. Rc2 Bxa3 33. Qb3 Qd4 34. Qxa3 Qd1+ 35. Kg2 Qxd5+ 36. Qf3 Rd8 37. Rc6 Qd4 38. Qf6+ Qxf6 39. Rxf6 b5 40. Rb6 Rd5 41. Rb7 g5 42. Kf3 Rf5+ 43. Kg4 Rd5 44. Rc7 Kg8 45. Kh5 Rf5 46. h3 Kf8 47. Rxh7 Rxf2 48. Kxg5 Rf3 49. g4 Rb3 50. h4 Rxb4 51. Rb7 Rb1 52. h5 1-0

[Event "Rebelde"]
[Site "?"]
[Date "1983.??.??"]
[Round "?"]
[White "Ggarcia"]
[Black "Braga"]
[Result "0-1"]
[WhiteElo "2500"]
[BlackElo "2480"]
[PlyCount "78"]
[EventDate "1983.??.??"]
[Source "www.chesslib.no"]
[SourceDate "2004.05.04"]

1. d4 d5 2. c4 e6 3. Nf3 c5 4. cxd5 exd5 5. g3 Nc6 6. Bg2 Nf6 7. O-O Be6 8. Nc3 h6 9. b3 Be7 10. dxc5 Bxc5 11. Na4 Be7 12. Bb2 O-O 13. Nd4 Qa5 14. Rc1 Rac8 15. Qd3 Nxd4 16. Bxd4 b6 17. Nc3 Rfd8 18. e3 Qa3 19. Rc2 Qa5 20. a4 Nd7 21. Nb5 Nc5 22. Qd1 Ne4 23. Nc7 Bf5 24. Qf3 Bg6 25. Rc6 Bd6 26. Rfc1 Qd2 27. R6c2 Qb4 28. h4 Nd2 29. Qg4 h5 30. Qg5 Nxb3 31. Nxd5 Nxc1 32. Rxc8 Qe1+ 33. Kh2 Rxc8 34. Nf4 Ne2 35. Nxg6 Qg1+ 36. Kh3 fxg6 37. Qxg6 Bf8 38. Qe6+ Kh7 39. Qxc8 Qxf2 0-1

[Event "Mar del Plata"]
[Site "Mar del Plata"]
[Date "1982.??.??"]
[Round "?"]
[White "Panno, Oscar"]
[Black "Garcia Palermo, Carlos"]
[Result "1-0"]
[WhiteElo "2510"]
[BlackElo "2470"]
[PlyCount "82"]
[EventDate "1982.02.??"]
[Source "ChessBase"]

1. c4 e6 2. Nc3 d5 3. d4 c5 4. cxd5 exd5 5. Nf3 Nc6 6. g3 Nf6 7. Bg2 Bg4 8. Be3 cxd4 9. Nxd4 Bb4 10. O-O O-O 11. Nb3 Bxc3 12. bxc3 Re8 13. Re1 Qe7 14. Rc1 Rad8 15. Qc2 Qe5 16. Nc5 Qh5 17. Nxb7 Bf5 18. Bf3 Ng4 19. Bxg4 Qxg4 20. Qd2 Rd7 21. Nc5 Rdd8 22. Bd4 Rd6 23. f3 Qg6 24. Qf4 Rdd8 25. Rcd1 h6 26. Rd2 Bc8 27. Red1 Na5 28. e4 dxe4 29. fxe4 Nc4 30. Rf2 Bg4 31. Rdf1 Bh3 32. Rb1 Nd6 33. Re1 Bc8 34. e5 Nb5 35. a4 Nc7 36. Qe4 Qxe4 37. Nxe4 a6 38. Rb1 Bh3 39. Nd6 Re7 40. Rfb2 Ne8 41. Rb8 Rxb8 1-0

[Event "Salamanca"]
[Site "Salamanca"]
[Date "1990.??.??"]
[Round "1"]
[White "Sunye Neto, Jaime"]
[Black "Rodriguez Vargas, Orestes"]
[Result "0-1"]
[WhiteElo "2470"]
[BlackElo "2500"]
[PlyCount "92"]
[EventDate "1990.02.??"]
[Source "ChessBase"]

1. c4 e6 2. Nc3 d5 3. d4 c5 4. cxd5 exd5 5. Nf3 Nc6 6. g3 c4 7. Bg2 Bb4 8. O-O Nge7 9. e4 dxe4 10. Nxe4 O-O 11. a3 Ba5 12. Ne5 Bb6 13. Nxc4 Bxd4 14. Ned6 Nf5 15. Bf4 Qf6 16. Nxc8 Raxc8 17. Bh3 Rcd8 18. Qb3 b6 19. Qc2 Nh4 20. Bc7 Nf3+ 21. Kg2 Ng5 22. Qf5 Qxf5 23. Bxf5 Rd5 24. Bg4 f5 25. Bd1 Ne6 26. Bd6 Rd8 27. Re1 R5xd6 28. Nxd6 Rxd6 29. Bb3 Ncd8 30. Rac1 Kf7 31. Rc7+ Kf6 32. Rxa7 Bxb2 33. Re2 Bd4 34. Rd2 Nc5 35. Bc2 Nc6 36. Ra8 g6 37. Re2 Re6 38. Rd2 Ne4 39. Bxe4 fxe4 40. Rc8 Bc5 41. Rd7 h5 42. Rg8 Bxa3 43. Rb7 Bc5 44. Rgg7 Ne7 45. Rh7 e3 46. fxe3 Rxe3 0-1

[Event "Elekes Memorial"]
[Site "Budapest HUN"]
[Date "1990.??.??"]
[Round "10"]
[White "Lukacs, Peter"]
[Black "Tseitlin, Michael S"]
[Result "1/2-1/2"]
[WhiteElo "2505"]
[BlackElo "2465"]
[PlyCount "22"]
[EventDate "1990.05.??"]
[Source "www.chesslib.no"]
[SourceDate "2004.05.04"]

1. d4 d5 2. c4 e6 3. Nf3 c5 4. cxd5 exd5 5. g3 Nc6 6. Bg2 c4 7. O-O Bb4 8. Nc3 Nge7 9. e4 O-O 10. exd5 Nxd5 11. Ng5 Nf6 1/2-1/2

[Event "Budapest FS05 GM"]
[Site "Budapest HUN"]
[Date "1993.??.??"]
[Round "8"]
[White "Lukacs, Peter"]
[Black "Godena, Michele"]
[Result "1/2-1/2"]
[WhiteElo "2480"]
[BlackElo "2485"]
[PlyCount "29"]
[EventDate "1993.05.??"]
[Source "www.chesslib.no"]
[SourceDate "2004.05.04"]

1. d4 d5 2. c4 e6 3. Nf3 c5 4. cxd5 exd5 5. g3 Nc6 6. Bg2 Nf6 7. O-O Be6 8. Nc3 h6 9. b3 Rc8 10. Bb2 Be7 11. dxc5 Bxc5 12. Rc1 O-O 13. Na4 Be7 14. Nc5 Bg4 15. Nd3 1/2-1/2

[Event "Capablanca mem-B"]
[Site "Matanzas"]
[Date "1992.??.??"]
[Round "7"]
[White "Oblitas Guerrero, Carlomagno"]
[Black "Arencibia, Walter"]
[Result "1/2-1/2"]
[WhiteElo "2425"]
[BlackElo "2535"]
[PlyCount "71"]
[EventDate "1992.05.??"]
[Source "ChessBase"]

1. d4 e6 2. c4 d5 3. Nc3 c5 4. cxd5 exd5 5. Nf3 Nc6 6. g3 c4 7. Bg2 Bb4 8. O-O Nge7 9. e4 O-O 10. exd5 Nxd5 11. Nxd5 Qxd5 12. Ne5 Qxd4 13. Nxc6 Qxd1 14. Rxd1 bxc6 15. Bxc6 Rb8 16. Be3 Be7 17. Bd5 Rxb2 18. Bxc4 a5 19. Rab1 Rxb1 20. Rxb1 Bb4 21. Rd1 Bh3 22. f3 Rc8 23. Bb3 h5 24. Kf2 Bf5 25. Rc1 Rxc1 26. Bxc1 Kf8 27. Ke2 Bd6 28. Bd2 Bc7 29. Ke3 Bb6+ 30. Kf4 Bd7 31. Be3 g5+ 32. Ke4 Bf5+ 33. Kxf5 Bxe3 34. Kf6 h4 35. g4 Bf4 36. h3 1/2-1/2

[Event "BL2-W 9697"]
[Site "?"]
[Date "1997.??.??"]
[Round "?"]
[White "Delemarre Jop"]
[Black "Kosten Anthony C"]
[Result "0-1"]
[WhiteElo "2405"]
[BlackElo "2535"]
[PlyCount "90"]
[EventDate "1997.??.??"]
[Source "www.chesslib.no"]
[SourceDate "2004.05.04"]

1. d4 d5 2. c4 e6 3. Nf3 c5 4. cxd5 exd5 5. g3 Nc6 6. Nc3 c4 7. Bg2 Bb4 8. O-O Nge7 9. Bd2 O-O 10. b3 Qa5 11. Rc1 b5 12. Ne5 Be6 13. Nxc6 Nxc6 14. e4 dxe4 15. d5 Bxd5 16. a3 Bxc3 17. Bxc3 Qd8 18. bxc4 Bxc4 19. Qg4 Nd4 20. Rfe1 f5 21. Qh5 Rc8 22. Kh1 Bd3 23. Bb4 Rxc1 24. Rxc1 Be2 25. Qh4 Qxh4 26. gxh4 Rd8 27. h3 Bc4 28. Kh2 Kf7 29. a4 a6 30. axb5 axb5 31. Ra1 Rd7 32. Ra8 Bd3 33. Rf8+ Ke6 34. h5 h6 35. h4 Kd5 36. Bh3 Kc4 37. Ba3 b4 38. Bc1 b3 39. Rc8+ Kb4 40. Rb8+ Kc3 41. Rc8+ Kb4 42. Rb8+ Nb5 43. Bb2 Rc7 44. Kg3 Rc2 45. Bxg7 f4+ 0-1

[Event "Politiken Cup"]
[Site "?"]
[Date "2004.07.25"]
[Round "3"]
[White "Hansen Curt"]
[Black "Holm Sejer"]
[Result "1-0"]
[WhiteElo "2635"]
[BlackElo "2296"]
[PlyCount "117"]
[EventDate "2004.??.??"]
[Source "www.chesslib.no"]
[SourceDate "2004.05.04"]

1. c4 e6 2. Nc3 d5 3. d4 c5 4. cxd5 exd5 5. Nf3 Nc6 6. g3 c4 7. Bg2 Bb4 8. O-O Nge7 9. e4 dxe4 10. Nxe4 Bg4 11. a3 Ba5 12. Nc5 Bb6 13. Nxb7 Qc7 14. d5 Qxb7 15. dxc6 Qxc6 16. h3 Rd8 17. Qe2 Qe6 18. Be3 Bxf3 19. Qxf3 Bxe3 20. Qxe3 Qxe3 21. fxe3 Ng6 22. Rf5 O-O 23. Bf1 Rfe8 24. Bxc4 Ne5 25. Bb5 Re7 26. Rc1 f6 27. Rc2 Rb7 28. Be2 a5 29. Rf4 Rdb8 30. Ra4 Rxb2 31. Rxb2 Rxb2 32. Kf1 Kf7 33. Rxa5 Kg6 34. a4 Ra2 35. Ra7 Kf5 36. Rxg7 Ke4 37. Rb7 Kxe3 38. Rb3+ Kd4 39. Rb4+ Ke3 40. Rb3+ Kd4 41. Kf2 Rxa4 42. Rb7 Ra2 43. Rxh7 Nd3+ 44. Kf1 Ke3 45. Bxd3 Ra1+ 46. Kg2 Ra2+ 47. Kg1 Kxd3 48. Rf7 Ra6 49. Re7 f5 50. Kg2 Rh6 51. h4 f4 52. gxf4 Rxh4 53. Kg3 Rh8 54. f5 Kd4 55. Kf4 Rh4+ 56. Kg5 Rh1 57. f6 Rg1+ 58. Kf5 Rf1+ 59. Ke6 1-0

[Event "Velden Open"]
[Site "Velden GER"]
[Date "1993.??.??"]
[Round "3"]
[White "Schlosser, Philipp"]
[Black "Lendwai, Reinhard"]
[Result "1-0"]
[WhiteElo "2520"]
[BlackElo "2410"]
[PlyCount "49"]
[EventDate "1993.07.??"]
[Source "www.chesslib.no"]
[SourceDate "2004.05.04"]

1. d4 Nf6 2. Nf3 e6 3. g3 c5 4. Bg2 Nc6 5. c4 d5 6. cxd5 exd5 7. O-O Be6 8. Nc3 cxd4 9. Nxd4 Bc5 10. Be3 Bb6 11. Na4 Ng4 12. Nxc6 bxc6 13. Bc5 Bxc5 14. Nxc5 Nf6 15. Rc1 Rc8 16. Qa4 Qb6 17. b3 O-O 18. Rc3 d4 19. Qxd4 Rfd8 20. Qe5 Bg4 21. Ne4 Nd5 22. Rc2 Re8 23. Qg5 f5 24. Nd6 h6 25. Qg6 1-0

[Event "POL-ch"]
[Site "POL"]
[Date "1992.??.??"]
[Round "14"]
[White "Schmidt, Wlodzimierz"]
[Black "Urban, Klaudiusz"]
[Result "1/2-1/2"]
[WhiteElo "2465"]
[BlackElo "2465"]
[PlyCount "65"]
[EventDate "1992.??.??"]
[Source "ChessBase"]

1. Nf3 d5 2. d4 c5 3. c4 e6 4. cxd5 exd5 5. Nc3 Nc6 6. g3 c4 7. Bg2 Bb4 8. O-O Nge7 9. Ne5 O-O 10. Nxc6 bxc6 11. Bf4 Re8 12. Re1 Be6 13. Bd2 Nf5 14. e3 Nd6 15. Na4 a5 16. b3 Bf5 17. bxc4 Nxc4 18. Bxb4 axb4 19. Nc5 Ra7 20. Qb3 Qb6 21. e4 Rae7 22. a3 Bg6 23. Qxb4 Qxb4 24. axb4 dxe4 25. Ra6 Rc7 26. Rc1 Nb2 27. Nxe4 Nd3 28. Rca1 Bxe4 29. Bxe4 Nxb4 30. Ra8 Kf8 31. Rxe8+ Kxe8 32. Rc1 Kd7 33. Rc4 1/2-1/2

[Event "BLR-ch Minsk"]
[Site "Minsk"]
[Date "1996.??.??"]
[Round "6"]
[White "Aleksandrov, Aleksej"]
[Black "Begun, Sergei M"]
[Result "1-0"]
[WhiteElo "2535"]
[BlackElo "2375"]
[PlyCount "37"]
[EventDate "1996.??.??"]
[Source "ChessBase"]

1. c4 c5 2. Nf3 Nc6 3. Nc3 e6 4. g3 Nf6 5. Bg2 d5 6. cxd5 exd5 7. d4 Bg4 8. Bg5 cxd4 9. Nxd4 h6 10. Bxf6 Qxf6 11. Ndb5 Qe5 12. f4 Qb8 13. Nxd5 Bb4+ 14. Nxb4 Nxb4 15. a3 Nc6 16. h3 a6 17. Nd6+ Ke7 18. Nxf7 Bxe2 19. Qd5 1-0

[Event "4. NRW Klasse 2 0304"]
[Site "Germany"]
[Date "2003.12.07"]
[Round "4.2"]
[White "Kishnev, Sergei"]
[Black "Savchenko, Vyacheslav"]
[Result "1-0"]
[WhiteElo "2488"]
[BlackElo "2418"]
[PlyCount "85"]
[EventDate "2004.01.11"]
[Source "Roberto Alvarez"]
[SourceDate "2004.01.26"]

1. Nf3 c5 2. c4 e6 3. Nc3 Nf6 4. g3 d5 5. cxd5 exd5 6. d4 Nc6 7. Bg2 c4 8. Ne5 Bb4 9. O-O O-O 10. Bg5 Be6 11. Bxf6 Qxf6 12. Nxd5 Bxd5 13. Bxd5 Nxe5 14. dxe5 Qxe5 15. Bxc4 Qxb2 16. Rb1 Qc3 17. Qb3 Qxb3 18. Rxb3 a5 19. a3 Bc5 20. Rxb7 Bxa3 21. Rd1 Rac8 22. Bb3 Rc1 23. Rxc1 Bxc1 24. e4 g5 25. e5 h6 26. Kg2 Bd2 27. Kf3 Kg7 28. e6 Kf6 29. exf7 Bb4 30. Rb6+ Kg7 31. Kg4 Bc5 32. Rc6 Rb8 33. Bc4 Bd4 34. Kf5 Kf8 35. Rxh6 Rb6 36. Rxb6 Bxb6 37. Kxg5 Bxf2 38. Kg6 a4 39. g4 a3 40. g5 Be1 41. Kh7 Bh4 42. g6 Bf6 43. h4 1-0

[Event "Malaga op 3rd"]
[Site "Malaga"]
[Date "2000.02.27"]
[Round "3"]
[White "Vera, Reynaldo"]
[Black "Baches Garcia, Guillermo"]
[Result "0-1"]
[WhiteElo "2546"]
[BlackElo "2358"]
[PlyCount "53"]
[EventDate "2000.02.25"]
[Source "ChessBase"]
[SourceDate "2000.03.10"]

1. d4 e6 2. c4 d5 3. Nc3 c5 4. cxd5 exd5 5. Nf3 Nc6 6. g3 c4 7. Bg2 Bb4 8. O-O Nge7 9. e4 dxe4 10. Nxe4 O-O 11. Qc2 Bf5 12. Be3 Ng6 13. Rad1 Qe7 14. Nfd2 b5 15. a3 Ba5 16. b4 Bb6 17. d5 Nce5 18. Bc5 Bxc5 19. bxc5 Rac8 20. Qc3 Bxe4 21. Nxe4 f5 22. d6 Qd7 23. f4 Nf7 24. Bh3 Rfe8 25. Qd4 Rf8 26. Qd5 Qc6 27. Bxf5 0-1